Verificación técnica de dos vías del padrón electoral de las regiones autónomas de Costa Caribe de Nicaragua
| Main Author: | |
|---|---|
| Format: | Section = Libro |
| Language: | Undetermined Spanish |
| Published: |
Managua
IPADE
2006
|
| Subjects: |
| LEADER | 00671nam a2200193Ia 4500 | ||
|---|---|---|---|
| 008 | 240829s9999 xx 000 0 und d | ||
| 040 | |a BIBLIOTECA-RUSB/ 324.6 N583 | ||
| 041 | |a spa | ||
| 082 | |a 324.6 N583 | ||
| 100 | 1 | |a Nicaragua. Instituto para el Desarrollo y la Democracia | |
| 245 | 1 | 0 | |a Verificación técnica de dos vías del padrón electoral de las regiones autónomas de Costa Caribe de Nicaragua |
| 260 | |a Managua |b IPADE |c 2006 | ||
| 300 | |a 81 p. :il. | ||
| 650 | 7 | |a SISTEMAS Y PROCEDIMIENTOS DE ELECCIONES - VERIFICACION | |
| 650 | 7 | |b METODOLOGIA - VERIFICACION - PADRON ELECTORAL | |
| 650 | 7 | |c COSTA CARIBE | |
| 942 | |c BK |2 ddc | ||
| 991 | |a TEXTO | ||
| 999 | |c 872 | ||